2022 FIFA World Cup Group G - Brazil - Serbia - Statistics

General Stats
  • This quiz has been taken 337 times
  • The average score is 18 of 34
Answer Stats
Player % Correct
Neymar
94%
Alisson
86%
Richarlison ²
83%
Sergej Milinković-Savić
81%
Vanja Milinković-Savić
81%
Aleksandar Mitrović
80%
Vinícius Júnior
78%
Casemiro
71%
Thiago Silva
71%
Dušan Vlahović
70%
Marquinhos
70%
Dušan Tadić
63%
Rodrygo
59%
Lucas Paquetá
57%
Alex Sandro
56%
Danilo
56%
Nikola Milenković
53%
Raphinha
50%
Strahinja Pavlović
48%
Nemanja Gudelj
45%
Gabriel Jesus
42%
Andrija Živković
40%
Fred
40%
Antony
38%
Tite
37%
Dragan Stojković
36%
Saša Lukić
36%
Miloš Veljković
35%
Gabriel Martinelli
30%
Filip Mladenović
29%
Nemanja Radonjić
29%
Ivan Ilić
28%
Nemanja Maksimović
24%
Darko Lazović
17%
No matching quizzes found
Score Distribution
Percent of People with Each Score
Percentile by Number Answered
Your Score History
You have not taken this quiz